Tout les légumes du monde par catégories - Statistiques

Statistiques générales
  • Ce quiz a été pris 63 fois
  • Le résultat moyen est 37 sur 70
Statistiques - réponses
Par images Réponse % Correct
Carotte
100%
Radis
98%
Oignon
93%
Pomme de terre
91%
Navet
86%
Ail
84%
Betterave
84%
Patate douce
84%
Concombre
79%
Gingembre
79%
Poireau
79%
Tomate
79%
Chou-fleur
78%
Piment
78%
Aubergine
76%
Brocoli
76%
Chicon
76%
Courgette
76%
Oignon rouge
76%
Poivron
76%
Cornichon
74%
Haricot
74%
Menthe
74%
Mâche
71%
Échalote
69%
Épinard
69%
Ciboulette
67%
Persil
67%
Artichaut
66%
Lentille
64%
Chou rouge
62%
Petit pois
62%
Pois chiche
60%
Potiron
60%
Basilic
59%
Panais
59%
Fenouil
57%
Potimarron
55%
Butternut
53%
Haricot vert
52%
Laitue
52%
Manioc
52%
Roquette
50%
Fève
47%
Topinambour
43%
Coriandre
40%
Blette
36%
Céleri-rave
34%
Aneth
33%
Laitue iceberg
33%
Chou Romanesco
29%
Batavia
28%
Rutabaga
24%
Jeune oignon
22%
Oignon nouveau
22%
Pousse de soja
21%
Chou vert
19%
Igname
19%
Salsifi
19%
Ail des ours
17%
Chou chinois
17%
Curcuma
16%
Feuille de chêne
16%
Scarole
16%
Sucrine
14%
Wasabi
12%
Taro
10%
Lotus
5%
Ginseng
3%
Konjac
2%
Aucun quiz correspondant
Distribution des résultats
% des personnes avec chaque résultat
Percentile par nombre de réponses
Votre historique - résultats
Vous n’avez pas pris ce quiz